Conservation in the library : a handbook of use and care of traditional and nontraditional materials /

Bibliographic Details
Other Authors: Swartzburg, Susan G., 1938-1996
Format: Book
Language:English
Published: Westport, Conn. : Greenwood Press, 1983.
Subjects:

MARC

Tag First Indicator Second Indicator Subfields
LEADER 00000pam a2200000 a 4500
001 in00004460013
005 20210818135007.0
008 820824s1983 ctua b 00100 eng
010 |a  82015582  
020 |a 0313232679 (lib. bdg.) 
035 |a (OCoLC)08762922 
035 |9 AAB9431MS 
035 |z (UtOrBLW)6782 
035 |a 10722 
039 0 |a 2  |b 3  |c 3  |d 3  |e 3 
040 |a DLC  |c DLC  |d TMV  |d UtOrBLW 
049 |a TMVM  |c [8005425] 
059 |l MS/BOOK STKS  |z 1  |t BOOK  |k CIRCULATING  |i 3238900144832  |j 8005425  |n NL  |a Z 701  |b C755 1983 
060 4 |a Z 701  |b C755 1983 
245 0 0 |a Conservation in the library :  |b a handbook of use and care of traditional and nontraditional materials /  |c edited by Susan Garretson Swartzburg. 
264 1 |a Westport, Conn. :  |b Greenwood Press,  |c 1983. 
300 |a xi, 234 pages :  |b illustrations ;  |c 25 cm. 
336 |a text  |2 rdacontent  |b txt 
337 |a unmediated  |2 rdamedia 
338 |a volume  |2 rdacarrier  |b nc 
504 |a Includes bibliographies and index. 
650 2 |a Archives. 
650 2 |a Bookbinding. 
650 2 |a Library Administration. 
700 1 |a Swartzburg, Susan G.,  |d 1938-1996. 
940 |a 8005425 
999 |a MARS 
999 f f |s 7876ed2d-cc0f-366e-97f4-b26ddb132f09  |i f7fff78d-a009-3d8a-8cc1-ce54d2e3a4b7  |t 0 
952 f f |p ric  |a Texas A&M University  |b Rellis Campus  |c Joint Library Facility  |d Remote Storage  |t 0  |e Z 701 C755 1983  |h National Library of Medicine classification  |i unmediated -- volume  |m 3238900144832 
998 f f |a Z 701 C755 1983  |t 0  |l Remote Storage